Music Quiz

Random Music Quiz

Stiff Little Fingers - Cold Lyrics Quiz Stats

Quiz not verified by Sporcle

Also try: Boy Bands
Challenge
Share
Tweet
Embed
Score 0/195 Timer 06:00
0 Plays Today
% Correct
The
100%
the
100%
The
100%
I
83.3%
a
83.3%
a
83.3%
I
83.3%
I
83.3%
I
83.3%
I
83.3%
I
83.3%
I
83.3%
it
66.7%
And
66.7%
cold
66.7%
It
66.7%
cold
66.7%
cold
66.7%
cold
66.7%
and
66.7%
And
66.7%
cold
66.7%
It
66.7%
cold
66.7%
cold
66.7%
cold
66.7%
And
66.7%
cold
66.7%
It
66.7%
cold
66.7%
cold
66.7%
cold
66.7%
and
66.7%
and
66.7%
And
66.7%
cold
66.7%
cold
66.7%
cold
66.7%
cold
66.7%
Sometimes
50%
it's
50%
Sometimes
50%
it's
50%
Sometimes
50%
it's
50%
Sometimes
50%
on
50%
you
50%
at
50%
me
50%
it's
50%
so
50%
It's
50%
so
50%
It's
50%
Sometimes
50%
we
50%
Sometimes
50%
we
50%
Sometimes
50%
we
50%
Sometimes
50%
you
50%
in
50%
it's
50%
% Correct
so
50%
It's
50%
so
50%
It's
50%
Sometimes
50%
we
50%
Sometimes
50%
we
50%
Sometimes
50%
we
50%
Sometimes
50%
we
50%
it's
50%
so
50%
It's
50%
so
50%
It's
50%
Sometimes
50%
we
50%
Sometimes
50%
we
50%
Sometimes
50%
we
50%
Sometimes
50%
you
50%
at
50%
me
50%
so
50%
It's
50%
It's
50%
so
50%
it's
50%
what
33.3%
your
33.3%
out
33.3%
to
33.3%
out
33.3%
your
33.3%
out
33.3%
what
33.3%
argue
33.3%
your
33.3%
cry
33.3%
No,
33.3%
cry
33.3%
cry,
33.3%
fight
33.3%
stand
33.3%
toe
33.3%
to
33.3%
toe
33.3%
shout
33.3%
fight
33.3%
to
33.3%
out
33.3%
not
33.3%
not
33.3%
No
33.3%
not
33.3%
Not
33.3%
feels
16.7%
like
16.7%
Then
16.7%
other
16.7%
times
16.7%
% Correct
hate
16.7%
freezes
16.7%
soul
16.7%
feels
16.7%
smile
16.7%
laugh
16.7%
loud
16.7%
smile
16.7%
try
16.7%
Then
16.7%
other
16.7%
times
16.7%
feels
16.7%
talk
16.7%
reason
16.7%
everything
16.7%
talk
16.7%
wonder
16.7%
about
16.7%
Then
16.7%
other
16.7%
times
16.7%
hate
16.7%
stubbornness
16.7%
feels
16.7%
But
16.7%
won't
16.7%
won't
16.7%
won't
16.7%
want
16.7%
get
16.7%
up
16.7%
get
16.7%
Then
16.7%
other
16.7%
times
16.7%
smile
16.7%
fine
0%
know
0%
just
0%
all
0%
worth
0%
fine
0%
heaven
0%
Earth
0%
scream
0%
sit
0%
there
0%
I'd
0%
seek
0%
crowd
0%
I'd
0%
run
0%
mile
0%
Than
0%
see
0%
face
0%
again
0%
see
0%
that's
0%
role
0%
anymore
0%
arguments
0%
seem
0%
old
0%

You're not logged in!

Compare scores with friends on all Sporcle quizzes.
Sign Up with Email
OR
Log In

You Might Also Like...

Show Comments

Extras

Top Quizzes Today


Score Distribution

Your Account Isn't Verified!

In order to create a playlist on Sporcle, you need to verify the email address you used during registration. Go to your Sporcle Settings to finish the process.